000
00216nam a2200097Ia 4500
008
240625s9999 xx 000 0 und d
041
_a
eng
100
_a
INDIA TODAY
245
_a
GUJARAT THE POWERHOUSE
260
_c
1909
999
_c
34408
_d
34408